01032 2200277 4500001002100000005001500021035002000036007000300056008004100059040002200100082001400122084001600136090002000152090002200172245014500194300012100339650005300460850001200513041000800525110006700533264005800600336002100658337003000679338002300709990002200732INLIS00000000084823220190613034305 a0010-0619000187ta190613s2018 yoia g s ind  aYOPDYOGbinderda 223a352.2 a352.2 YOG p aDEP 352.2 YOG p aCB-D.11 2018-255610aProfil tahun 2018 Kanwil Direktorat Jenderal Pajak Daerah Istimewa Yogyakarta /cKanwil Direktorat Jenderal Pajak Daerah Istimewa Yogyakarta a117 halaman, 3 halaman tidak bernomor :bilustrasi berwarna, grafik berwarna, tabel berwarna, foto berwarna ;c30 cm 4aKanwil Direktorat Jenderal Pajak D.I. Yogyakarta aYOPDYOG0 aind1 aYogyakarta (Daerah Istimewa). Kanwil Direktorat Jenderal Pajak31aYogyakarta :bKanwil Direktorat Jenderal Pajak,c2018 2rdacontentateks 2rdamediaatanpa perantara 2rdacarrieravolume aCB-D.11/2018-2556